| 000 | 00999nam2a22002411 4500 | ||
|---|---|---|---|
| 001 | rc\3914583 | ||
| 005 | 20250611021417.0 | ||
| 035 | _a(NLR Aleph) 008021651 | ||
| 090 |
_a8764696 _c8764696 |
||
| 100 | _a20130415d1955 |||y0rusy50 ca | ||
| 101 | 0 | _arus | |
| 102 | _aRU | ||
| 105 | _aa z ||||| | ||
| 200 | 1 | _aЭлектричество | |
| 210 |
_aМосква _cУчпедгиз _d1955 |
||
| 215 |
_a408 с. _cил. |
||
| 461 | 0 |
_1001rc\3914582 _12001#$aКурс физики$eУчеб пособие для пед ин-тов$vЧ. 2 _1700#1$aАрцыбышев$bС.А.$f1887-$gСергей Александрович _98764691 _aАрцыбышев, С.А. (1887-) _cМосква _d1955 _nУчпедгиз _oУчеб пособие для пед ин-тов _tКурс физики _vЧ. 2 |
|
| 606 |
_aЭлектричество _jУчебники и пособия (ч. 2) _2psbo |
||
| 801 | 0 |
_aRU _bNLR _gpsbo |
|
| 801 | 1 |
_aRU _bELAR _2rusmarc |
|
| 852 |
_aNLR _jФ302 Г-5/395 |
||
| 942 | _cBOOK | ||
| 980 | _aNB | ||